[Event "Taastrup Quick Weekend 1st B"]
[Site "Taastrup"]
[Date "2005.04.10"]
[Round "5"]
[White "Akdag, Dara Sevkan"]
[Black "Svendsen, Mikkel"]
[Result "1/2-1/2"]
[WhiteElo "1569"]
[BlackElo "1595"]
[PlyCount "125"]
[EventDate "2005.04.08"]
[EventType "tourn"]
[EventRounds "5"]
[EventCountry "DEN"]
[SourceTitle "EXT 2023"]
[Source "ChessBase"]
[SourceDate "2022.10.05"]
[SourceVersion "1"]
[SourceVersionDate "2022.10.05"]
[SourceQuality "1"]

1. d4 d5 2. c4 e5 3. dxe5 d4 4. Nf3 Nc6 5. e3 Bb4+ 6. Bd2 dxe3 7. fxe3 Bg4 8. Be2 Bxf3 9. Bxf3 Qh4+ 10. g3 Qxc4 11. Bxb4 Qxb4+ 12. Qd2 Qxd2+ 13. Nxd2 Nxe5 14. 0-0 Nxf3+ 15. Rxf3 Nf6 16. Rc1 0-0-0 17. Nb3 Rhe8 18. Nd4 Rd7 19. Nf5 g6 20. Ne7+ Rexe7 21. Rxf6 Rxe3 22. Rcf1 Ree7 23. R1f2 Kd8 24. Kg2 Ke8 25. R6f3 f5 26. Ra3 a6 27. Rb3 b5 28. Ra3 Re6 29. Rc2 Rde7 30. Kf3 Kd7 31. Rac3 Kc8 32. b4 Kb7 33. a3 Re4 34. Rd3 Kb6 35. Rdc3 Rd7 36. Rc6+ Kb7 37. R6c3 h6 38. h3 Rc4 39. Ke3 Rxc3+ 40. Rxc3 Kb6 41. Rc5 a5 42. Rc3 axb4 43. axb4 Re7+ 44. Kd4 Re4+ 45. Kd5 Rxb4 46. Rc6+ Kb7 47. Rxg6 f4 48. Kc5 Rb3 49. Rxh6 fxg3 50. Rg6 g2 51. Rxg2 Rxh3 52. Kxb5 Rh5+ 53. Kc4 Kb6 54. Rg3 c6 55. Kb4 c5+ 56. Kc4 Rh4+ 57. Kc3 Kb5 58. Kc2 Kc4 59. Rc3+ Kd5 60. Rg3 Ra4 61. Kb3 Ra1 62. Kb2 Re1 63. Kc2 1/2-1/2